00760cam a2200241 i 4500001000800000005001700008008004100025010001700066015001500083020002500098040001800123041000800141043001200149080002300161082002300184100000700207101000800214245010000222906004500322942001200367999001700379952012200396413136420180301094057.0761217s1976 enkacej c 001 0 eng  a 76382243  aGB76-15044 a0901791601 :c£0.50 aDLCcDLCdDLC aeng ae-uk-en a759.9407402132 POT00a759.9407402132 POT a44 aART12aA guide to the National Gallery /c[by] Homan Potterton ; with a foreword by Michael Levey .... a7bcbccorignewd3encipf19gy-gencatlg 2ddccBK c43900d43900 00102udc40708PËKGa002b002cPËKGd2018-03-01l0o759.9407402132 POTp002-3000573r2018-03-01w2018-03-01yBK